[Event "Paracin GM"]
[Site "Paracin"]
[Date "2018.07.15"]
[Round "2"]
[White "Atalik, Suat"]
[Black "Peng, Shunkai"]
[Result "1/2-1/2"]
[WhiteElo "2509"]
[BlackElo "2390"]
[Annotator "Atalik,S"]
[PlyCount "141"]
[EventDate "2018.07.14"]
[EventType "tourn"]
[EventRounds "9"]
[EventCountry "SRB"]
[EventCategory "8"]
[SourceTitle "CBM 186"]
[Source "ChessBase"]
[SourceDate "2018.09.14"]
[SourceVersion "1"]
[SourceVersionDate "2018.09.14"]
[SourceQuality "1"]

1. d4 Nf6 2. c4 e6 3. Nc3 Bb4 4. e3 O-O 5. Bd3 d5 6. Nf3 b6 7. O-O (7. a3 $5
Bxc3+ (7... Bd6 8. e4 dxe4 9. Nxe4) 8. bxc3 dxc4 9. Bxc4 c5 10. O-O Qc7 11. Bd3
$13) 7... dxc4 $5 (7... Bb7 8. a3 Bd6) 8. Bxc4 Bb7 9. Qc2 $5 {The most logical
independent move.} (9. Qe2 Nbd7) (9. a3 Bd6) 9... Nbd7 10. Rd1 Qe7 11. b3 $5
$146 (11. a3 Bd6 (11... Bxc3 12. Qxc3 Ne4 13. Qe1 $14) 12. e4 (12. Nb5) 12...
e5 13. d5 $14) 11... Rfc8 12. Bb2 a6 13. a3 (13. d5 e5 14. a4) 13... Bd6 14. e4
b5 15. Be2 (15. Bd3 c5) 15... e5 16. dxe5 (16. g3 $142) 16... Nxe5 17. Nd4 (17.
Nd5 Nxd5 18. exd5 $11) 17... g6 18. g3 $6 (18. Nd5 Nxd5 19. exd5 c6 $11 (19...
Bxd5 20. Nf5 (20. Nxb5 Bxg2 21. Kxg2 Qg5+ 22. Kh1 axb5 23. Rd4 $44) 20... Qe6
21. Nh6+ Kf8 22. Qc3 $40)) 18... c5 19. Nf3 Nxf3+ (19... c4 $142) 20. Bxf3 Be5
21. Re1 $6 (21. Nd5 Nxd5 22. exd5 Bxb2 23. Qxb2 Qd6 $11) 21... Bd4 22. Rad1 Qe5
23. Bc1 $1 (23. Ba1 {is passive.}) 23... Re8 (23... Bxc3 24. Bf4) 24. Re2 $2 (
24. Bf4 Qe6 25. Ne2) 24... Rad8 25. Bf4 Qe6 26. Rde1 (26. Bg5 h6 $1 (26... Qe5
27. Bf4) 27. Bxh6 Qh3 28. Bc1 Ng4 29. Bxg4 Qxg4 $17) (26. Bc7 $2 Rd7 (26... Rc8
27. Bf4 (27. Nd5 Nxd5 28. exd5 Qd7)) 27. Nd5) 26... Ng4 $17 27. Bg2 c4 $1 (
27... b4 28. axb4 cxb4 29. Nd1) 28. bxc4 Qxc4 29. Nd1 Qxc2 30. Rxc2 Rc8 31.
Rxc8 Rxc8 32. Bh3 h5 33. Be3 $6 (33. Ne3 Rc3 34. Nxg4 hxg4 35. Bxg4 Rxa3 $17)
33... Rd8 34. Bf4 Bc5 (34... Ne5 $142 $19) 35. Bxg4 hxg4 36. Ne3 Bxe4 37. Nxg4
Bf3 38. Nf6+ Kg7 39. Ne8+ Kh7 40. Nf6+ Kh8 41. Be5 Bxa3 42. h4 $1 $132 {
Since there is no perpetual the only way to clinch the game is some action on
the kingside.} b4 (42... Rd1 43. Rxd1 Bxd1 44. Kf1) 43. Ne4+ Kg8 44. Ng5 (44.
Nf6+ Kg7 45. Ne4+ Kf8) 44... Bc6 45. Bf6 Re8 (45... Rd3 $142 $19) 46. Rd1 (46.
Ra1 b3 $1) 46... b3 (46... a5 $1 $19) 47. g4 Be7 48. Bb2 a5 49. Rc1 Bd5 $6 $138
({I had seen that the easiest way to victory consisted of a sacrifice:} 49...
a4 $3 50. Rxc6 a3 $19) 50. Re1 Bc6 $2 (50... a4 51. Bf6 (51. Ba3 Bxa3 52. Rxe8+
Bf8) 51... Bxf6 $19) 51. Rc1 Bd7 $6 (51... a4 52. Rxc6 a3) 52. Rc7 Bxg4 53. Ra7
Bf5 $2 (53... Bf8 $142) 54. Rxa5 Bd8 55. Ra8 $15 Rf8 56. Rb8 Bc2 57. Rb7 Ba5
58. Bf6 (58. Kg2 Bd2 59. Kg3) 58... Bd8 (58... Bd2 $142) 59. Bc3 Bxg5 60. hxg5
$138 {I even started to have funny ideas in mutual time trouble.} Rc8 $11 61.
Bb2 Bd1 62. Kg2 Bc2 63. Kg3 Kf8 64. Ba3+ Kg8 65. Be7 Kg7 66. f3 Re8 67. Bf6+
Kf8 68. Rb4 Re6 69. Rb8+ Re8 70. Rb7 (70. Rxe8+ Kxe8 $11) 70... Re2 71. Rb8+
1/2-1/2

[Event "Bundesliga 0506"]
[Site "Germany"]
[Date "2005.10.23"]
[Round "2.1"]
[White "Onischuk, Alexander"]
[Black "Richter, Michael"]
[Result "1-0"]
[WhiteElo "2640"]
[BlackElo "2407"]
[Annotator "Atlas,V"]
[PlyCount "55"]
[EventDate "2005.10.21"]
[EventType "team-tourn"]
[EventRounds "15"]
[EventCountry "GER"]
[SourceTitle "CBM 110"]
[Source "ChessBase"]
[SourceDate "2006.01.31"]
[SourceVersion "1"]
[SourceVersionDate "2006.01.31"]
[SourceQuality "1"]
[WhiteTeam "Kirchheim"]
[BlackTeam "Zehlendorf"]
[WhiteTeamCountry "GER"]
[BlackTeamCountry "GER"]

1. d4 Nf6 2. c4 e6 3. Nc3 Bb4 4. e3 b6 5. Bd3 Bb7 6. Nf3 O-O 7. O-O d5 8. cxd5
exd5 9. a3 Bd6 10. b4 a6 11. Qb3 Re8 12. a4 Nc6 13. Ba3 a5 14. b5 Nb4 15. Be2
Qe7 16. Rac1 Rad8 17. Bb2 Bc8 18. Ne5 $1 Bxe5 19. dxe5 Qxe5 $6 ({A dubious
decision. Better was} 19... Ng4) 20. Na2 Qg5 $2 ({After this mistake White
gets a large advantage. Essential was} 20... Qe7) 21. Nxb4 axb4 22. Rxc7 Bh3
23. Bf3 Ne4 24. Qxb4 Rd6 25. Rc6 Rg6 26. Rxg6 Qxg6 27. Qd4 Ng5 $2 (27... h5 {
was more tenacious, although White's position is winning anyway.}) {[%tqu "En",
"White is very close to victory. How can he achieve it?","Use a power of the
Q+B battery on the main diagonal.","Use your light-squared bishop to deflect
the enemy queen.","f3h5","After this elegant bishop move Black's position
collapses.",3]} 28. Bh5 $1 {[%csl Rg7,Rh3][%cal Gb2g7] Winning a piece and the
game.} (28. Bh5 Qh6 (28... Qxh5 29. Qxg7#) 29. gxh3 {, and Black's position is
absolutely hopeless.}) 1-0

[Event "Moscow Aeroflot op-A"]
[Site "Moscow"]
[Date "2004.02.17"]
[Round "1"]
[White "Ramirez Alvarez, Alejandro"]
[Black "Sadvakasov, Darmen"]
[Result "0-1"]
[WhiteElo "2499"]
[BlackElo "2611"]
[Annotator "Atlas,V"]
[PlyCount "48"]
[EventDate "2004.02.17"]
[EventType "swiss"]
[EventRounds "9"]
[EventCountry "RUS"]
[SourceTitle "CBM 100"]
[Source "ChessBase"]
[SourceDate "2004.06.01"]
[SourceVersion "1"]
[SourceVersionDate "2004.06.01"]
[SourceQuality "1"]

1. d4 Nf6 2. c4 e6 3. Nc3 Bb4 4. e3 O-O 5. Nf3 d5 6. Bd3 b6 7. O-O Bb7 8. cxd5
exd5 9. Ne5 Bd6 10. f4 c5 11. Rf3 Nc6 12. Nxd5 Bxe5 13. fxe5 Qxd5 14. exf6 g6
15. b3 $2 ({A dubious decision. Better was Eine dubiose Entscheidung. Besser
war} 15. Rf4 {, with a complex game. mit komplexem Spiel.}) 15... Nxd4 $1 16.
Rf2 Ne6 17. Qf1 ({Auf} 17. e4 Qd6 18. Bb2 {is strongly met by folgt stark} Rad8
19. Bc2 Qxd1+ 20. Rxd1 Rxd1+ 21. Bxd1 Bxe4) 17... Rfd8 18. Bc4 Qe4 19. Bb2 Ng5
$1 {[%csl Gb7,Ge4,Gg5,Rh1,Rh3][%cal Gb7h1] Threatening 20...Nh3+. Droht 20...
Nh3+.} 20. Kh1 Nh3 21. Rf3 $1 ({A decisive mistake. Essential was Ein
entscheidender Fehler. Erforderlich war} 21. Re2 {, although after , obwohl
Schwarz nach} a6 22. a4 Rd7 {/\Rad8, Black has excellent attacking
perspectives. /\Rad8 vorzügliche Angriffsaussichten hat.}) 21... Rd2 22. Bc3 {
[%tqu "En","Black's pieces are superbly placed aiming at the enemy king. How
would you continue Black's attack?","Exploit you powerful battery on the main
diagonal!","Sacrifice your rook!","d2g2","This powerful blow impressively
concludes Black's attack.",5,"De","Die Figuren des Nachziehenden stehen
vorzüglich und zielen gegen den feindlichen König. Wie würden Sie den Angriff
fortsetzen?","Nutzen Sie Ihre kraftvolle Batterie auf der Hauptdiagonalen!",
"Opfern Sie Ihren Turm!","d2g2","Dieser Kraftzug schließt den schwarzen
Angriff auf beeindruckende Weise ab.",5]} Rxg2 $1 {[%csl Rf3,Gg2,Rh1,Gh3][%cal
Gb7h1] This impressive sacrifice spells a quick end for White. Dieses
beeindruckende Opfer verhießt ein schnelles Ende für Weiß.} 23. Qxg2 (23. Kxg2
{fails to scheitert an} Qg4+ 24. Kh1 Bxf3+) 23... Qxf3 24. Bf1 ({A famous mate
final occurs after Ein famoses Mattfinale ergibt sich nach} 24. Qxf3 Bxf3#)
24... Qf2 (24... Qf2 {and White resigned in view of inevitable mate: und Weiß
gab auf, denn Matt ist unvermeidlich:} 25. e4 Bxe4 26. Qxe4 Qg1#) 0-1

[Event "Bugojno"]
[Site "Bugojno"]
[Date "1978.03.05"]
[Round "7"]
[White "Gligoric, Svetozar"]
[Black "Balashov, Yuri S"]
[Result "1/2-1/2"]
[WhiteElo "2565"]
[BlackElo "2590"]
[Annotator "Bulletin"]
[PlyCount "35"]
[EventDate "1978.02.27"]
[EventType "tourn"]
[EventRounds "15"]
[EventCountry "YUG"]
[EventCategory "14"]
[SourceTitle "MCL"]
[Source "ChessBase"]
[SourceDate "1999.07.01"]
[SourceVersion "1"]
[SourceVersionDate "1999.07.01"]
[SourceQuality "1"]

1. d4 Nf6 2. c4 e6 3. Nc3 Bb4 4. e3 O-O 5. Bd3 d5 6. Nf3 b6 7. O-O Bb7 8. a3
Bd6 9. Nb5 Be7 (9... dxc4 10. Bxc4 Be7 11. Qe2 Nbd7 12. Rd1 Ne4 13. Bd3 Ndf6
$10 {Mikenas-Bannik, USSR-ch 1962}) 10. b4 dxc4 11. Bxc4 Nbd7 12. Bb2 c5 13.
bxc5 bxc5 14. dxc5 Nxc5 15. Be5 a6 16. Qxd8 Rfxd8 17. Nbd4 Rac8 18. Rfc1
1/2-1/2

[Event "Bugojno"]
[Site "Bugojno"]
[Date "1978.03.09"]
[Round "10"]
[White "Gligoric, Svetozar"]
[Black "Huebner, Robert"]
[Result "0-1"]
[WhiteElo "2565"]
[BlackElo "2595"]
[Annotator "Bulletin"]
[PlyCount "106"]
[EventDate "1978.02.27"]
[EventType "tourn"]
[EventRounds "15"]
[EventCountry "YUG"]
[EventCategory "14"]
[SourceTitle "MCL"]
[Source "ChessBase"]
[SourceDate "1999.07.01"]
[SourceVersion "1"]
[SourceVersionDate "1999.07.01"]
[SourceQuality "1"]

1. d4 Nf6 2. c4 e6 3. Nc3 Bb4 4. e3 b6 5. Bd3 Bb7 6. Nf3 O-O 7. O-O d5 8. a3
Bxc3 9. bxc3 dxc4 10. Bxc4 c5 11. Bd3 Qc7 12. Bb2 (12. Re1 Be4 13. Bf1 (13.
Bxe4 Nxe4 14. Qd3 Nf6 15. e4 $16 {Knaak-Kristiansen, Polanica Zdroj 1975})
13... Rd8 14. Ne5 Nbd7 15. Nxd7 Qxd7 16. Bb2 Rac8 $10 {Gulko-Huebner, Biel 1976
}) 12... Be4 (12... Rd8 13. Re1 Be4 14. Bxe4 Nxe4 15. Qd3 f5 16. c4 Nc6 17.
Rad1 Rac8 18. d5 Ne7 {Gligoric-Huebner, Bad Lauterberg 1977}) 13. c4 Nbd7 14.
Bxe4 Nxe4 15. Qe2 Rfe8 16. Rfd1 Rac8 17. Rac1 Nd6 18. Qd3 Nb7 19. d5 e5 20. Ng5
Nf6 21. e4 h6 22. Nf3 Nd7 23. Nd2 Nd6 24. Re1 f6 (24... b5 25. cxb5 c4 26. Qc2
{/\a4}) 25. Qh3 Nf8 {/\..Qd7} (25... b5 26. cxb5 Nxb5 27. Nc4 $16) 26. Qg3 Qd7
27. Rf1 Kh7 28. Qd3 a6 29. f4 Ng6 30. f5 $6 (30. fxe5 Nxe5 $6 (30... fxe5 $15)
31. Bxe5 Rxe5 $2 32. Nf3) (30. g3) 30... Nf8 31. a4 Rc7 32. Ra1 Rb8 33. Bc3 Qc8
34. h3 Nd7 35. Kh2 b5 36. axb5 axb5 37. Ra5 b4 38. Bb2 Ra8 39. Rfa1 Rxa5 40.
Rxa5 Qb8 41. Nb3 $6 (41. Qb3 Ra7 42. Qa2 b3 $1 43. Qa3 Rxa5 44. Qxa5 Qb4 45.
Qxb4 cxb4 46. Nxb3 $13) 41... Ra7 42. Rxa7 Qxa7 43. Bc1 Qa6 44. Be3 Qxc4 45.
Qxc4 Nxc4 46. Bf2 (46. Bxc5 Na5 $1 $19) 46... Kg8 47. g4 Kf7 48. Kg2 Ke7 49.
Bxc5+ Nxc5 50. Nxc5 Nd2 51. Kf2 b3 52. Na4 Nxe4+ 53. Ke3 Nc5 0-1

[Event "Montreal International"]
[Site "Montreal"]
[Date "1979.04.16"]
[Round "5"]
[White "Spassky, Boris Vasilievich"]
[Black "Hort, Vlastimil"]
[Result "1/2-1/2"]
[WhiteElo "2640"]
[BlackElo "2600"]
[Annotator "ChessBase"]
[PlyCount "23"]
[EventDate "1979.04.11"]
[EventType "tourn"]
[EventRounds "18"]
[EventCountry "CAN"]
[EventCategory "15"]
[SourceTitle "MCL"]
[Source "ChessBase"]
[SourceDate "1999.07.01"]
[SourceVersion "1"]
[SourceVersionDate "1999.07.01"]
[SourceQuality "1"]

1. d4 Nf6 2. c4 e6 3. Nc3 Bb4 4. e3 O-O 5. Bd3 d5 6. Nf3 b6 7. O-O Bb7 8. cxd5
(8. a3 Bd6 9. b4 dxc4 10. Bxc4 {Portisch,L-Petrosian,T/Lone Pine/1978/0-1/})
8... exd5 9. a3 (9. Ne5 $5 Bd6 10. f4 c5 11. Qf3 $13) 9... Bd6 10. b4 Nbd7 11.
Qb3 a6 (11... c6 12. Re1 Re8 13. Bb2 Rb8 14. Qc2 Rc8 15. Rad1 a6 $2 16. Bf5 Rc7
17. Na4 h6 18. Ne5 $16 {Timman,J-Van der Vliet/NLD-ch/1983/1-0/}) 12. a4 $13
1/2-1/2

[Event "Pyramiden Franken Cup 2nd"]
[Site "Fuerth"]
[Date "1999.08.23"]
[Round "3"]
[White "Handke, Florian"]
[Black "Chuchelov, Vladimir"]
[Result "0-1"]
[WhiteElo "2361"]
[BlackElo "2535"]
[Annotator "Chuchelov,V"]
[PlyCount "158"]
[EventDate "1999.08.21"]
[EventType "swiss"]
[EventRounds "9"]
[EventCountry "GER"]
[SourceTitle "EXT 2000"]
[Source "ChessBase"]
[SourceDate "1999.11.16"]
[SourceVersion "1"]
[SourceVersionDate "1999.11.16"]
[SourceQuality "1"]

1. d4 Nf6 2. c4 e6 3. Nc3 Bb4 4. e3 O-O 5. Bd3 d5 6. Nf3 b6 7. O-O Bb7 8. a3
Bd6 9. cxd5 exd5 10. b4 a6 11. Qb3 Qe7 12. b5 axb5 13. Nxb5 Nbd7 14. a4 c5 15.
Ba3 Bc6 $5 16. Qc2 $146 (16. dxc5) 16... Rfc8 17. Rfc1 (17. Bf5 g6 18. Bh3 Bxb5
19. axb5 Re8 $11) 17... Bxb5 18. Bxb5 Ne4 19. dxc5 bxc5 20. Qd1 Ndf6 21. h3 Qe6
$1 22. Bb2 Bf8 23. Ne5 $6 (23. a5 c4 24. Nd4 Qe5 $13) 23... c4 24. Nf3 Nc5 25.
Nd4 Qb6 26. Ra3 Nfe4 $1 (26... Nd3 27. Rxd3 cxd3 28. Nc6 $44) 27. Nf5 Qe6 28.
Nd4 Qf6 29. Qf3 Nd3 30. Qxf6 Nxf6 31. Rxd3 cxd3 32. Rd1 Ne4 33. Rxd3 Nc5 34.
Rc3 Rcb8 $1 35. Ra3 Nxa4 36. Rxa4 Rxa4 37. Bxa4 Rxb2 38. Bc6 Bb4 $2 $138 (38...
Bc5 39. Bxd5 (39. Nf3 Rb1+ 40. Kh2 Rf1 41. Kg3 Bd6+) 39... Bxd4 40. exd4 Rd2
$19) 39. Kf1 $1 Rb1+ 40. Ke2 Rb2+ 41. Kf1 Bc5 42. Nf3 d4 $1 43. Nxd4 (43. exd4
Bb6 $19 {xf2}) 43... Bxd4 44. exd4 Rd2 45. d5 Kf8 $17 46. h4 (46. g3 g5) 46...
Ke7 47. g3 Kd6 48. Be8 f5 49. Bf7 f4 $1 50. Kg2 fxg3 51. Kxg3 Ke5 52. Bg8 h6
53. Bf7 Rd3+ 54. f3 Rd4 55. Bg8 Rf4 56. Be6 Rf6 57. h5 Rf4 58. Bg4 Rb4 59. Be6
Rd4 60. Bg8 Kf5 61. Be6+ Kg5 62. Bf7 Rd3 63. Kf2 Kf4 64. Ke2 Rd4 (64... Re3+
65. Kd2 Re7 66. Be6 Kxf3 67. Kd3 Kf4 68. Kd4 Re8 $22 $19) 65. Be6 Ke5 66. Ke3
Rh4 67. Bf7 Rf4 68. Bg6 Ra4 69. Be4 Ra3+ 70. Ke2 Rb3 71. Kf2 Kf4 72. Ke2 Ra3
73. Kd2 Kg5 74. Bg6 Rxf3 75. Be8 Rf8 76. Bg6 Kf4 77. Kd3 Ke5 78. Be4 Rf4 79.
Bg2 Rf5 0-1

[Event "Nussloch"]
[Site "Nussloch"]
[Date "1996.??.??"]
[Round "5"]
[White "Jussupow, Artur"]
[Black "Dautov, Rustem"]
[Result "1/2-1/2"]
[WhiteElo "2655"]
[BlackElo "2615"]
[Annotator "Dautov,R"]
[PlyCount "66"]
[EventDate "1996.??.??"]
[EventType "tourn"]
[EventRounds "11"]
[EventCountry "GER"]
[EventCategory "15"]
[SourceTitle "CBM 053"]
[Source "ChessBase"]
[SourceDate "1996.08.01"]
[SourceVersion "1"]
[SourceVersionDate "1996.08.01"]
[SourceQuality "1"]

1. d4 Nf6 2. c4 e6 3. Nc3 Bb4 4. e3 O-O 5. Bd3 d5 6. Nf3 b6 7. O-O Bb7 8. cxd5
exd5 9. a3 Bd6 10. b4 a6 11. Qb3 Qe7 12. b5 axb5 13. Nxb5 Nbd7 14. Bb2 c5 15.
dxc5 {N} (15. Nxd6 Qxd6 16. Bf5 c4 17. Qc2 g6 18. Bxd7 (18. Bh3 $6 Ne4 19. a4
Rfe8 20. Ba3 Qc7 21. Bb4 Nb8 22. Nd2 Ng5 23. Bg4 Nc6 24. Bc3 Bc8 25. Bxc8 Raxc8
$15 {Gligoric,S-Olafsson,H/Reykjavik 1995}) 18... Nxd7 19. Ne5 Rfe8 20. Bc3 Bc6
21. Qb2 {Yusupov,A-Timman,J/Linares (m/5) 1992} f6 $10) 15... bxc5 16. Nxd6
Qxd6 17. Qc3 {/^a1-h8} Ba6 $1 (17... Nb6 $6 18. Qc2 Ne4 (18... Ba6 19. Bxa6
Rxa6 20. Bxf6 gxf6 21. Rfc1 $14) 19. Rfb1 $1 $14 {/\Bxg7}) 18. Rfd1 Bxd3 19.
Rxd3 Rfb8 $1 20. Rc1 $2 (20. Rad1 {/\Rxd5} Qb6 $1 {(Yusupov)} (20... Qf8 $5 {
/\c4} 21. Qc2 $1 $13) 21. Ba1 Qa5 22. Ne5 Qxc3 23. Bxc3 Rxa3 24. Nxd7 Nxd7 25.
Rxd5 Rxc3 26. Rxd7 $10) 20... c4 $1 21. Rdd1 (21. Rd2 $2 Nc5 $17) 21... Nc5 {
/\Na4,Nd3} 22. Qc2 $8 (22. Qe5 $2 Qf8 $1 23. Ne1 Nfd7 $19) 22... Nd3 23. Bxf6
gxf6 $2 (23... Qxf6 24. Rb1 h6 25. Rxb8+ Rxb8 26. Rb1 Ra8 27. a4 Qc6 28. Ra1
Nc5 (28... Rb8 $5 29. Qc3 Rb3 30. Qd4 (30. Qa5 Rb2 $17) 30... Qxa4 31. Nd2 Ra3
32. Rxa3 Qxa3 33. Qxd5 Qc1+ 34. Nf1 Qc2 $1 35. Qa8+ Kh7 36. Qf3 Ne1 $17 {/\}
37. Qxf7 $2 Qe4 38. f3 Qc2 $19) 29. Qf5 Qe6 30. Qc2 Qd7 31. Ne5 Rxa4 32. Rb1
Qc7 33. Qf5 Ra8 $17) 24. Rxd3 $1 (24. Rb1 $2 Qxa3 25. Nd4 Rb2 26. Rxb2 Qxb2 $17
) 24... cxd3 25. Qxd3 Qxa3 26. Qxa3 Rxa3 27. g3 $10 {><d5,f6,f7,h7} Ra2 28. Nh4
Rbb2 29. Nf5 $1 (29. Rc8+ $2 Kg7 30. Nf5+ Kg6 31. g4 h5 32. Rg8+ Kh7 33. Rg7+
Kh8 $19) 29... h6 (29... h5 {><h5} 30. Rf1 Kh7 31. Nh4 $5 Rd2 32. Ng2 d4 33.
exd4 Rxd4 34. h4 Kg6 35. Nf4+ $10) 30. Rf1 Kh7 31. Kg2 Rd2 32. g4 Kg6 33. Nh4+
Kh7 1/2-1/2